| 000 -LEADER |
| fixed length control field |
00497nam a22001337a 4500 |
| 008 - FIXED-LENGTH DATA ELEMENTS--GENERAL INFORMATION |
| fixed length control field |
210716b ||||| |||| 00| 0 eng d |
| 100 ## - MAIN ENTRY--PERSONAL NAME |
| Personal name |
Lata, Pushp |
| 245 ## - TITLE STATEMENT |
| Title |
Pradhan mantri ujjwala yojana: A diagnostic study on LPG usage in tribal areas of walia in baruch district of Gujarat |
| 260 ## - PUBLICATION, DISTRIBUTION, ETC. (IMPRINT) |
| Place of publication, distribution, etc |
The Administrator: Journal of LBSNAA |
| 300 ## - PHYSICAL DESCRIPTION |
| Extent |
60(3), Dec, 2020: p.2-15 |
| 773 ## - HOST ITEM ENTRY |
| Main entry heading |
The Administrator: Journal of LBSNAA |
| 906 ## - LOCAL DATA ELEMENT F, LDF (RLIN) |
| Subject DIP |
GOVERNMENT SUBSIDIES - GUJARAT |
| 942 ## - ADDED ENTRY ELEMENTS (KOHA) |
| Item type |
Articles |